000 00471nam a2200181Ia 4500
003 GCL
008 140319s9999 xx 000 0 eng d
040 _aGCL /
_cGCL
082 0 4 _a820
_bCM
100 1 _aCOALALA, WILLIAM.H
245 1 0 _aMAN OF HONOUR /
_cCOALALA, WILLIAM.H
260 _aنيوزيلاند :
_bFIRE AND SPIRIT PUBLICATION
300 _a20CM
650 0 4 _aENGLISH LITERATURE
650 0 4 _aPROVERBS
650 0 4 _aPROVERBS NEW ZEALAND
942 _2ddc
_cBK
999 _c7745
_d7745